LIBRARY & INFORMATION CENTRE, KCAET, TAVANUR

ONLINE PUBLIC ACCESS CATALOGUE (OPAC)

Hindi sahitya ka subod itihas / (Record no. 6375)

MARC details
000 -LEADER
fixed length control field 00426cam a2200181ua 4500
041 ## - LANGUAGE CODE
Language code of text/sound track or separate title hin
082 ## - DEWEY DECIMAL CLASSIFICATION NUMBER
Classification number 891.54
Item number GUL/HI
100 ## - MAIN ENTRY--AUTHOR NAME
Personal name Gulab, Ray .
245 ## - TITLE STATEMENT
Title Hindi sahitya ka subod itihas /
250 ## - EDITION STATEMENT
Edition statement 18 /
260 ## - PUBLICATION, DISTRIBUTION, ETC. (IMPRINT)
Place of publication :
Name of publisher Sahitya ratna bhandar ,
Year of publication 1962.
300 ## - PHYSICAL DESCRIPTION
Number of Pages 350.
942 ## - ADDED ENTRY ELEMENTS (KOHA)
Koha item type Books
Holdings
Withdrawn status Lost status Damaged status Home library Current library Date acquired Full call number Accession Number Koha item type
Withdrawn     KAUAET Sanskrit University 07/04/2012 891.54 4934 Books
Withdrawn     KAUAET Sanskrit University 28/01/2021 891.54 GUL/HI 4933 Books
free website counter